<?xml version="1.0" encoding="UTF-8"?>
<record
    xmlns:xsi="http://www.w3.org/2001/XMLSchema-instance"
    xsi:schemaLocation="http://www.loc.gov/MARC21/slim http://www.loc.gov/standards/marcxml/schema/MARC21slim.xsd"
    xmlns="http://www.loc.gov/MARC21/slim">

  <leader>00727nam a22002057a 4500</leader>
  <datafield tag="952" ind1=" " ind2=" ">
    <subfield code="a">0001</subfield>
    <subfield code="b">0001</subfield>
    <subfield code="d">2021-12-22</subfield>
    <subfield code="l">0</subfield>
    <subfield code="o">324.6 T96s 1978</subfield>
    <subfield code="p">020200</subfield>
    <subfield code="r">2021-12-22 00:00:00</subfield>
    <subfield code="w">2021-12-22</subfield>
    <subfield code="y">BKS</subfield>
  </datafield>
  <datafield tag="999" ind1=" " ind2=" ">
    <subfield code="c">14712</subfield>
    <subfield code="d">14712</subfield>
  </datafield>
  <controlfield tag="003">MIRAKIL</controlfield>
  <controlfield tag="005">20211222115903.0</controlfield>
  <controlfield tag="008">211222b        tu ||||| |||| 00| 0 tur d</controlfield>
  <datafield tag="040" ind1=" " ind2=" ">
    <subfield code="a">TR-AnCHP</subfield>
    <subfield code="b">tur</subfield>
    <subfield code="c">TR-AnCHP</subfield>
  </datafield>
  <datafield tag="041" ind1=" " ind2=" ">
    <subfield code="a">tur</subfield>
  </datafield>
  <datafield tag="082" ind1=" " ind2=" ">
    <subfield code="a">324.6</subfield>
    <subfield code="b">T96s 1978</subfield>
  </datafield>
  <datafield tag="100" ind1="1" ind2=" ">
    <subfield code="a">T&#xFC;rk, Hikmet Sami</subfield>
    <subfield code="d">1935-</subfield>
  </datafield>
  <datafield tag="245" ind1=" " ind2=" ">
    <subfield code="a">Se&#xE7;im sisteminde de&#x11F;i&#x15F;iklik yap&#x131;lmas&#x131;na ili&#x15F;kin baz&#x131; &#xF6;neriler /</subfield>
    <subfield code="c">Hikmet Sami T&#xFC;rk.</subfield>
  </datafield>
  <datafield tag="260" ind1=" " ind2=" ">
    <subfield code="a">Ankara:</subfield>
    <subfield code="b">Ajans-T&#xFC;rk</subfield>
    <subfield code="c">1978.</subfield>
  </datafield>
  <datafield tag="300" ind1=" " ind2=" ">
    <subfield code="a">ykl&#x15F;. 30 s.:</subfield>
    <subfield code="b">tbl.;</subfield>
    <subfield code="c">23 sm.</subfield>
  </datafield>
  <datafield tag="650" ind1=" " ind2=" ">
    <subfield code="a">Siyasal partiler</subfield>
    <subfield code="x">Hukuk ve mevzuat</subfield>
    <subfield code="z">T&#xFC;rkiye</subfield>
  </datafield>
  <datafield tag="650" ind1=" " ind2=" ">
    <subfield code="a">Se&#xE7;im kurullar&#x131;</subfield>
    <subfield code="x">Hukuk ve mevzuat</subfield>
    <subfield code="x">Sorunlar ve &#xE7;&#xF6;z&#xFC;m &#xF6;nerileri</subfield>
    <subfield code="z">T&#xFC;rkiye</subfield>
  </datafield>
  <datafield tag="650" ind1=" " ind2=" ">
    <subfield code="a">Siyaset ve y&#xF6;netim</subfield>
    <subfield code="x">Se&#xE7;imler</subfield>
    <subfield code="y">T&#xFC;rkiye</subfield>
  </datafield>
  <datafield tag="942" ind1=" " ind2=" ">
    <subfield code="2">ddc</subfield>
    <subfield code="c">BKS</subfield>
  </datafield>
</record>
